Statistieken voor Top 10 Covid-19 getroffen landen - 9 april

Klik hier om de quiz te nemen!

Algemene statistieken

  • Deze quiz is 5 keer genomen
  • De gemiddelde score is 10 van 14

Antwoordstatistieken

frequentie
per miljoen
land% Correct
China
100%
1804Frankrijk
100%
2375Italië
100%
3261Spanje
100%
1397Verenigde Staten
100%
1394Duitsland
80%
2156België
60%
1471Oostenrijk
60%
1369Portugal
60%
2778Zwitserland
60%
1331Ierland
40%
Iran
40%
Verenigd Koninkrijk
40%
Turkije
20%

Scoreverdeling

Percentiel versus Aantal Correcte Antwoorden

Procent van Mensen met Elke Score

Uw Scoregeschiedenis

U heeft deze quiz nog niet genomen